000 00652nam a2200229 i 4500
001 C2-0111952
003 PPAK
005 20180727103701.0
008 970630s1988 my |||| ||||| | may d
040 _aPPAK
_beng
_cPPAK
_erda
082 0 4 _a352.1225
_223
090 0 0 _a352.1225
_bMAN
_dKK
100 0 _aSyed Mansor Barakbah,
_cDato'
_eauthor
245 1 0 _aPenyata kewangan Negeri Kedah bagi tahun 1985
264 1 _a[Alor Setar, Kedah] :
_b[Kerajaan Negeri Kedah] ,
_c1988
300 _a91 pages ;
_c25 cm
336 _2rdacontent
_atext
337 _2rdamedia
_aunmediated
338 _2rdacarrier
_avolume
650 1 0 _aBudget
942 _ddc
_cB
999 _c28058
_d28058